BSOP header

Presbyterian creeds : (Record no. 41076)

MARC details
000 -LEADER
fixed length control field 00792cam a2200253 a 4500
001 - CONTROL NUMBER
control field 2369363
005 - DATE AND TIME OF LATEST TRANSACTION
control field 20211228105345.0
008 - FIXED-LENGTH DATA ELEMENTS--GENERAL INFORMATION
fixed length control field 841015s1985 paua b 000 0 eng
010 ## - LIBRARY OF CONGRESS CONTROL NUMBER
LC control number 84022001
020 ## - INTERNATIONAL STANDARD BOOK NUMBER
International Standard Book Number 0664254969.
040 ## - CATALOGING SOURCE
Original cataloging agency DLC
Transcribing agency DLC
Modifying agency DLC
100 1# - MAIN ENTRY--PERSONAL NAME
Personal name Rogers, Jack Bartlett.
245 10 - TITLE STATEMENT
Title Presbyterian creeds :
Remainder of title a guide to the Book of Confessions /
Statement of responsibility, etc Jack Rogers ; with a foreword by Charles A. Hammond.
250 ## - EDITION STATEMENT
Edition statement 1st ed.
260 ## - PUBLICATION, DISTRIBUTION, ETC. (IMPRINT)
Place of publication, distribution, etc Philadelphia :
Name of publisher, distributor, etc Westminster Press,
Date of publication, distribution, etc c1985.
300 ## - PHYSICAL DESCRIPTION
Extent 252 p. :
Other physical details ill. ;
Dimensions 21 cm.
336 ## - CONTENT TYPE
Content Type Term text
337 ## - MEDIA TYPE
Media Type Term unmediated
338 ## - CARRIER TYPE
Carrier Type Term volume
504 ## - BIBLIOGRAPHY, ETC. NOTE
Bibliography, etc Bibliography: p. 245-252.
650 #0 - SUBJECT ADDED ENTRY--TOPICAL TERM
Topical term or geographic name as entry element Presbyterian Church
General subdivision Creeds
-- History and criticism.
650 #0 - SUBJECT ADDED ENTRY--TOPICAL TERM
Topical term or geographic name as entry element Creeds
General subdivision History and criticism.
942 ## - ADDED ENTRY ELEMENTS (KOHA)
Source of classification or shelving scheme Library of Congress Classification
Item type Books
Koha issues (borrowed), all copies 1
Holdings
Withdrawn status Lost status Source of classification or shelving scheme Damaged status Not for loan Home library Current library Shelving location Date acquired Inventory number Total Checkouts Full call number Barcode Date last seen Date last borrowed Copy number Price effective from Koha item type
    Library of Congress Classification     BSOP Library BSOP Library GC 03/16/2018 39731 1 BX9183 R63p c.2 00049731 07/15/2019 05/24/2019 c.2 03/16/2018 Books
BSOP

Biblical Seminary of the Philippines
  All rights Reserved
  © 2024

CONTACT INFORMATION

Biblical Seminary of the Philippines,
  77-B Karuhatan Road, Valenzuela City,
  PHILIPPINES 1441
  Phone: +632 8292-6795 / 8292-6798
  Fax : +632 8292-6675
  Email: library@bsop.edu.ph